| 000 | 00747nam a2200265 a 4500 | ||
|---|---|---|---|
| 003 | AR-BaBNM | ||
| 005 | 20251128203205.0 | ||
| 008 | 082120s2002 ||||||||||||||000 | spa|| | ||
| 040 | _cAR-BaBNM | ||
| 100 | 1 | _aCasademont Pou, F. | |
| 245 | 0 | 0 |
_aYunque _bfichas de trabajo |
| 250 | _a1ª ed. | ||
| 260 |
_aMadrid _bMagisterio Español _c1972 |
||
| 300 |
_a126 p. _bil. |
||
| 490 | 0 | _aDya básica | |
| 650 | 4 | _aACTIVIDADES DE APRENDIZAJE | |
| 650 | 4 | _aMATERIAL ELABORADO POR EL ALUMNO | |
| 653 | _aEDUCACION PRIMARIA | ||
| 653 | _aTRABAJO MANUAL | ||
| 700 | 1 | _aFigueras Nogués, F.X. | |
| 700 | 1 |
_aCifuentes del Castillo, Montserrat _ecolaborador |
|
| 700 | 1 |
_aVillalba I. Varneda, Pedro _ecolaborador |
|
| 942 | _cBK | ||
| 998 | _ccARMEN | ||
| 999 |
_c2305 _d2305 |
||